| 000 | 00357nam a2200121Ia 4500 | ||
|---|---|---|---|
| 008 | 230907s9999||||xx |||||||||||||| ||und|| | ||
| 082 |
_a620.5 _bCAO |
||
| 100 |
_aCao, Guozhong _9115347 |
||
| 245 | 0 | _aNanostructures & nanomaterials : synthesis, properties & applications | |
| 260 |
_aWorld scientific publishing _bUSA _c2017 |
||
| 300 | _a581p. | ||
| 942 | _cBK | ||
| 999 |
_c598856 _d598856 |
||